| 000 | 00494nam a2200157Ia 4500 | ||
|---|---|---|---|
| 001 | 18796 | ||
| 008 | 140407s9999 xx 000 0 und d | ||
| 040 | _cPK-LaUMT | ||
| 082 |
_aR 030 _bKEE- |
||
| 110 | _aKeesing's Publications | ||
| 245 |
_aKeesing's contemporary archives: _bWeekly diary of important world events with index continually kept up to .. _cKeesing's Publications |
||
| 260 |
_aLondon,UK: _bKeesing's Publications Limited, _c1977 |
||
| 505 | _gXXIII | ||
| 546 | _aEN | ||
| 942 | _cBK | ||
| 999 |
_c19184 _d19184 |
||